000 00543nam a2200181Ia 4500
999 _c3054
_d3054
003 OSt
005 20200819110709.0
008 190216s9999||||xx |||||||||||||| ||und||
040 _coclc
082 _a543.08
_bSHA/I
100 1 _aSharma, B. K.
_91147
_d1954-
_q(Brij Kishore),
245 0 _aInstrumental Methods Of Chemical Analysis /
_cB K Sharma
250 _a22nd Ed.
260 _bGoel Publishing House,
_c2002.
_aMeerut:
300 _a2356p
650 _aChemistry
942 _cBK
_2ddc
_h543.08
_iSHA/I
_k543.08
_mSHA/I